Žilinská diecéza 2008-2023

Bibliographic Details
Other Authors: Šušoliaková, Žaneta (Compiler), Kramara, Martin, 1978- (Translator)
Format: Book
Language:Slovak
English
PhysicalDescription:190 strán fotografie 22x22 cm
Published: Žilina Žilinská diecéza Alfa a Omega 2023
ISBN:9788089828173
Edition:1. vydanie
Subjects:

MARC

LEADER 00000cam a2200000 4500
001 vtls012250927
003 SK-MaSNL
005 20260512145334.0
008 240221s2023 xo o gr 000 0 slo
015 |a SNBA2026/01 
020 |a 9788089828173  |q (viazané) 
040 |a SNK  |b slo  |c SNK  |e rda 
041 0 |a slo  |a eng 
043 |a e-xo--- 
044 |a xo  |c SK 
072 7 |a 27  |x Kresťanstvo. Kresťanská cirkev všeobecne. Ekleziológia  |2 konspekt 
080 |a 27-772  |2 2011 
080 |a 437.641  |2 2011 
080 |a (048.8)  |2 2011 
080 |a (084.11)  |2 2011 
245 0 0 |a Žilinská diecéza 2008-2023  |c zostavila Žaneta Šušoliaková ; zodpovedný redaktor Vladimír Šušoliak ; preklad Martin Kramara 
246 3 1 |a Diocese of Žilina 2008-2023 
250 |a 1. vydanie 
264 1 |a Žilina  |b Žilinská diecéza  |b Alfa a Omega  |c 2023 
300 |a 190 strán  |b fotografie  |c 22x22 cm 
336 |a text  |b txt  |2 rdacontent 
336 |a statický obraz  |b sti  |2 rdacontent 
337 |a bez média  |b n  |2 rdamedia 
338 |a zväzok  |b nc  |2 rdacarrier 
366 |e 2000 kusov 
546 |a Súbežný názov v angličtine, text čiastočne aj v angličtine 
650 0 7 |a diecézy  |2 SNKPH  |9 88437 
650 0 7 |a Dioceses  |2 SNKPHeng  |9 266270 
651 7 |a Žilina (Slovensko : okres)  |2 SNKPHgeo  |9 56327 
651 7 |a Žilina (Slovakia : district)  |2 SNKPHeng  |9 266663 
655 7 |a monografie  |2 SNKPH  |9 70139 
655 7 |a Monographs  |2 SNKPHeng  |9 120675 
655 7 |a obrazové publikácie  |2 SNKPH  |9 70343 
655 7 |a Pictorial works  |2 SNKPHeng  |9 284468 
700 1 |a Šušoliak, Vladimír  |4 red  |9 371957 
700 1 |a Šušoliaková, Žaneta  |4 com  |9 371958 
700 1 |a Kramara, Martin,  |d 1978-  |4 trl  |9 371959 
852 |a Slovenská národná knižnica 
919 |a 978-80-89828-17-3 
954 |a odborná, vedecká literatúra pôvodná (slovenská)  |2 lita 
954 |a obrazové publikácie zamerané na výtvarné umenie a fotografiu pôvodné (slovenské)  |2 lita 
958 |a NT 
999 |c 615813  |d 617743 
952 |a SNK  |b SNK  |y PREZ  |7 0  |p 17A1582974  |o snkSC 212882  |i snk2025/20057  |8 1  |0 0  |1 0  |4 0  |d 2025-12-10  |l 0  |r 2026-02-23 16:37:40  |w 2026-02-23